[Event "ARM-ch HL (Women) 73rd"]
[Site "Yerevan"]
[Date "2018.01.14"]
[Round "3"]
[White "Ghukasyan, Siranush"]
[Black "Galojan, Lilit"]
[Result "0-1"]
[WhiteElo "2166"]
[BlackElo "2300"]
[PlyCount "100"]
[EventDate "2018.01.12"]
[EventType "tourn"]
[EventRounds "9"]
[EventCountry "ARM"]
[SourceTitle "CBM 182 Extra"]
[Source "ChessBase"]
[SourceDate "2018.02.23"]
[SourceVersion "1"]
[SourceVersionDate "2018.02.23"]
[SourceQuality "1"]

1. e4 e5 2. Nf3 Nc6 3. Bb5 a6 4. Ba4 Nf6 5. 0-0 Be7 6. d3 d6 7. c3 0-0 8. Nbd2 Re8 9. d4 Bd7 10. Re1 Bf8 11. Bc2 Bg4 12. h3 Bh5 13. d5 Nb8 14. g4 Bg6 15. Nf1 c6 16. c4 b5 17. b3 cxd5 18. cxd5 Nbd7 19. Bd2 Qc7 20. Rc1 Rec8 21. Ng3 Qd8 22. h4 h6 23. g5 hxg5 24. hxg5 Nh5 25. Nxe5 dxe5 26. Nxh5 Ba3 27. Ng3 Nb6 28. Rb1 Nxd5 29. b4 Nc3 30. Bxc3 Rxc3 31. Qxd8+ Rxd8 32. Red1 Rdc8 33. Bd3 Rc1 34. Rdxc1 Rxc1+ 35. Rxc1 Bxc1 36. Ne2 Bd2 37. a3 Bh5 38. Kg2 Bxg5 39. Nc3 Bc1 40. a4 Bd2 41. Nb1 Bxb4 42. axb5 axb5 43. Bxb5 Bd1 44. Bd3 Kh7 45. Kg3 Kh6 46. Kh4 Kg6 47. Kh3 Kg5 48. Kg3 f6 49. Kg2 Kf4 50. Kf1 Bf3 0-1

[Event "Wch Blitz (Women)"]
[Site "Riadh"]
[Date "2017.12.29"]
[Round "8"]
[White "Ambartsumova, Karina"]
[Black "Galojan, Lilit"]
[Result "0-1"]
[WhiteElo "2359"]
[BlackElo "2300"]
[PlyCount "122"]
[EventDate "2017.12.29"]
[EventType "swiss (blitz)"]
[EventRounds "21"]
[EventCountry "SAU"]
[SourceTitle "CBM 182 Extra"]
[Source "ChessBase"]
[SourceDate "2018.02.23"]
[SourceVersion "1"]
[SourceVersionDate "2018.02.23"]
[SourceQuality "1"]

1. d4 Nf6 2. Nf3 e6 3. Bf4 b6 4. e3 Bb7 5. Nbd2 Be7 6. h3 c5 7. c3 0-0 8. Bd3 Nc6 9. 0-0 d5 10. Ne5 Nxe5 11. Bxe5 Nd7 12. Bh2 f5 13. Nf3 a6 14. a4 c4 15. Bc2 b5 16. Ne5 Nxe5 17. Bxe5 b4 18. cxb4 Bxb4 19. Qh5 Bd6 20. Bxd6 Qxd6 21. g4 Qd7 22. Kg2 Qf7 23. Qxf7+ Rxf7 24. b3 a5 25. Kg3 Ba6 26. bxc4 Bxc4 27. Rab1 Bxf1 28. Rxf1 Rb8 29. Bd3 fxg4 30. hxg4 Rb3 31. Rd1 Rc7 32. Bb5 Rf7 33. Rc1 Rb2 34. f4 g6 35. Rc8+ Kg7 36. Rc6 Re7 37. Ra6 Rb3 38. Kf3 h5 39. gxh5 gxh5 40. Rxa5 Kf6 41. Ra8 Rh7 42. Rf8+ Ke7 43. Rc8 Kf6 44. Rf8+ Kg7 45. Re8 Kf7 46. Rc8 h4 47. Rc7+ Kg6 48. Be8+ Kh6 49. Rxh7+ Kxh7 50. Bd7 h3 51. Bxe6 h2 52. Kg2 Rxe3 53. Bxd5 Kg6 54. Kxh2 Kf5 55. a5 Ra3 56. Bc6 Kxf4 57. Kg2 Rxa5 58. Kf1 Ra2 59. d5 Rd2 60. Ke1 Ke3 61. Bb7 Rb2 0-1

[Event "Wch Blitz (Women)"]
[Site "Riadh"]
[Date "2017.12.29"]
[Round "9"]
[White "Galojan, Lilit"]
[Black "Munguntuul, Batkhuyag"]
[Result "0-1"]
[WhiteElo "2300"]
[BlackElo "2397"]
[PlyCount "72"]
[EventDate "2017.12.29"]
[EventType "swiss (blitz)"]
[EventRounds "21"]
[EventCountry "SAU"]
[SourceTitle "CBM 182 Extra"]
[Source "ChessBase"]
[SourceDate "2018.02.23"]
[SourceVersion "1"]
[SourceVersionDate "2018.02.23"]
[SourceQuality "1"]

1. d4 d5 2. c4 c6 3. Nf3 Nf6 4. e3 Bf5 5. Nc3 e6 6. Nh4 Bg6 7. Be2 dxc4 8. Bxc4 Bh5 9. Nf3 Nbd7 10. Be2 Be7 11. 0-0 Qc7 12. e4 0-0 13. Bg5 Rfe8 14. Rc1 Nb6 15. e5 Nfd5 16. Bxe7 Nxc3 17. bxc3 Qxe7 18. Nd2 Bxe2 19. Qxe2 c5 20. Ne4 cxd4 21. cxd4 Red8 22. Rfd1 h6 23. h3 Rac8 24. Nd6 Rxc1 25. Rxc1 Rd7 26. Rc3 Rc7 27. Rg3 Nd5 28. Qg4 f5 29. Qh5 Nf4 30. Qxh6 Ne2+ 31. Kh2 Nxg3 32. Qf4 Ne4 33. Nb5 Rc2 34. f3 Nc3 35. Nd6 Nd5 36. Qg3 Ne3 0-1

[Event "Wch Blitz (Women)"]
[Site "Riadh"]
[Date "2017.12.29"]
[Round "3"]
[White "Lei, Tingjie"]
[Black "Galojan, Lilit"]
[Result "1-0"]
[WhiteElo "2528"]
[BlackElo "2300"]
[PlyCount "173"]
[EventDate "2017.12.29"]
[EventType "swiss (blitz)"]
[EventRounds "21"]
[EventCountry "SAU"]
[SourceTitle "CBM 182 Extra"]
[Source "ChessBase"]
[SourceDate "2018.02.23"]
[SourceVersion "1"]
[SourceVersionDate "2018.02.23"]
[SourceQuality "1"]

1. d4 Nf6 2. c4 e6 3. Nf3 b6 4. Nc3 Bb4 5. e3 0-0 6. Bd3 d5 7. 0-0 c5 8. a3 Bxc3 9. bxc3 dxc4 10. Bxc4 Ba6 11. Bxa6 Nxa6 12. a4 Qc7 13. Ba3 Rac8 14. Rb1 Rfd8 15. a5 Nd5 16. Qd3 Nb8 17. Rfc1 Nd7 18. e4 Nf4 19. Qe3 Ng6 20. g3 e5 21. d5 Qd6 22. Nd2 Rb8 23. axb6 axb6 24. Rb5 Ra8 25. Rcb1 Rxa3 26. Nc4 Rxc3 27. Qxc3 Qf6 28. Nxb6 Ndf8 29. Rxc5 h5 30. Rc6 Qg5 31. Qe3 Qg4 32. Nc4 h4 33. Nd2 Ra8 34. Qf3 Qg5 35. Qe3 Qg4 36. Rc2 Nf4 37. Kh1 Nh3 38. Qf3 Qg6 39. Qf5 Qxf5 40. exf5 Nxf2+ 41. Kg2 Nd3 42. Rc3 e4 43. Nxe4 Ra2+ 44. Kg1 Ne5 45. gxh4 Nfd7 46. d6 Re2 47. Ng5 Rd2 48. Re1 Rxd6 49. Rce3 f6 50. Nf3 Rc6 51. Nxe5 Nxe5 52. h3 Rc4 53. Kg2 Rxh4 54. Kg3 Rc4 55. Rd1 Kh7 56. Ra1 Nf7 57. Ra7 Nh6 58. Rf3 Rc5 59. Rd3 Nxf5+ 60. Kf4 Nh6 61. Rdd7 Rg5 62. Kf3 Nf5 63. Kf4 Nh6 64. Ra8 Kg6 65. Raa7 Kh7 66. Kf3 Rf5+ 67. Kg3 Rg5+ 68. Kh2 Rg6 69. Rdb7 Rg5 70. Rc7 Rg6 71. Rab7 Rg5 72. Rc6 Kg6 73. Ra7 Nf5 74. Rcc7 Kh7 75. Ra5 Kg6 76. Rcc5 Rh5 77. Rcb5 Rg5 78. Rd5 Rh5 79. Rd2 Kh7 80. Rg2 g6 81. Ra6 Kg7 82. Rb2 Nh6 83. Rb7+ Nf7 84. Raa7 Rf5 85. Rxf7+ Kh6 86. h4 Rf4 87. Rh7# 1-0

[Event "Wch Rapid (Women)"]
[Site "Riadh"]
[Date "2017.12.28"]
[Round "13"]
[White "Cyfka, Karina"]
[Black "Galojan, Lilit"]
[Result "1-0"]
[WhiteElo "2419"]
[BlackElo "2300"]
[PlyCount "123"]
[EventDate "2017.12.26"]
[EventType "swiss (rapid)"]
[EventRounds "15"]
[EventCountry "SAU"]
[SourceTitle "CBM 182 Extra"]
[Source "ChessBase"]
[SourceDate "2018.02.23"]
[SourceVersion "1"]
[SourceVersionDate "2018.02.23"]
[SourceQuality "1"]

1. d4 Nf6 2. c4 e6 3. Nf3 b6 4. a3 Bb7 5. Nc3 d5 6. Bg5 Be7 7. Qa4+ c6 8. Bxf6 Bxf6 9. cxd5 exd5 10. e3 0-0 11. Bd3 c5 12. 0-0 c4 13. Bb1 a6 14. Qc2 g6 15. Qe2 Re8 16. Rd1 Nd7 17. Bc2 b5 18. Qf1 Bg7 19. Re1 f5 20. Nd2 Rc8 21. Kh1 Qb6 22. f4 a5 23. Nf3 b4 24. Nd1 Ba6 25. Qf2 Bb5 26. Ne5 Nxe5 27. fxe5 Rf8 28. Rc1 Qe6 29. Qf3 Bd7 30. axb4 axb4 31. Nf2 g5 32. Qe2 Ra8 33. Qd2 Qe7 34. Bb1 Ra6 35. Kg1 Rh6 36. Nh1 g4 37. Rf1 Qh4 38. g3 Qe7 39. Rf2 Rb6 40. Rcf1 Qg5 41. Rf4 h5 42. e4 c3 43. Qe3 dxe4 44. bxc3 Bh6 45. d5 Rbb8 46. c4 Qe7 47. e6 Bxe6 48. dxe6 Qxe6 49. Nf2 b3 50. c5 b2 51. Nd1 Rb3 52. Qd4 Bxf4 53. gxf4 e3 54. Nc3 Ra3 55. Re1 Re8 56. Nd5 Kf7 57. Nc7 Qc6 58. Nxe8 Qf3 59. Nd6+ Ke7 60. Qe5+ Kd8 61. Qe8+ Kc7 62. Qc8# 1-0

[Event "Wch Rapid (Women)"]
[Site "Riadh"]
[Date "2017.12.28"]
[Round "12"]
[White "Galojan, Lilit"]
[Black "Krush, Irina"]
[Result "0-1"]
[WhiteElo "2300"]
[BlackElo "2431"]
[PlyCount "90"]
[EventDate "2017.12.26"]
[EventType "swiss (rapid)"]
[EventRounds "15"]
[EventCountry "SAU"]
[SourceTitle "CBM 182 Extra"]
[Source "ChessBase"]
[SourceDate "2018.02.23"]
[SourceVersion "1"]
[SourceVersionDate "2018.02.23"]
[SourceQuality "1"]

1. Nf3 c5 2. c4 g6 3. Nc3 Bg7 4. g3 Nc6 5. Bg2 d6 6. 0-0 e6 7. a3 Nge7 8. b4 cxb4 9. axb4 Nxb4 10. Ba3 Nbc6 11. Nb5 0-0 12. Nxd6 Bxa1 13. Qxa1 f6 14. d4 Qa5 15. Qb2 Rb8 16. Bc5 a6 17. Ra1 Qc7 18. Ne4 f5 19. Ned2 b5 20. Qc2 b4 21. e4 fxe4 22. Nxe4 b3 23. Qb2 Bb7 24. Bd6 Qb6 25. Bxb8 Nxb8 26. Nfd2 Bxe4 27. Bxe4 Nbc6 28. c5 Qb4 29. Nxb3 Rb8 30. Rb1 Na5 31. Bc2 Nec6 32. Qa2 Qc4 33. Bd1 Kf7 34. Rb2 Qc3 35. Qb1 Nxd4 36. Nxa5 Rxb2 37. Qe4 Qxa5 38. Qf4+ Kg8 39. Bg4 Qxc5 40. Qf6 Qd6 41. h4 Rb8 42. h5 Rf8 43. Qg5 Qd5 44. Qh6 Nf3+ 45. Bxf3 Qxf3 0-1

[Event "Wch Rapid (Women)"]
[Site "Riadh"]
[Date "2017.12.27"]
[Round "10"]
[White "Galojan, Lilit"]
[Black "Charkhalashvili, Inga"]
[Result "1/2-1/2"]
[WhiteElo "2300"]
[BlackElo "2355"]
[PlyCount "126"]
[EventDate "2017.12.26"]
[EventType "swiss (rapid)"]
[EventRounds "15"]
[EventCountry "SAU"]
[SourceTitle "CBM 182 Extra"]
[Source "ChessBase"]
[SourceDate "2018.02.23"]
[SourceVersion "1"]
[SourceVersionDate "2018.02.23"]
[SourceQuality "1"]

1. c4 e5 2. Nc3 d6 3. g3 g6 4. d4 Bg7 5. dxe5 dxe5 6. Qxd8+ Kxd8 7. Bg5+ f6 8. 0-0-0+ Nd7 9. Be3 c6 10. f4 Kc7 11. Nf3 Ne7 12. fxe5 fxe5 13. Bg2 Nf5 14. Bd2 Nc5 15. Rhf1 Be6 16. Ng5 Bxc4 17. b3 Bg8 18. e4 Nd6 19. Be3 Ne6 20. Nxe6+ Bxe6 21. Bc5 Rhd8 22. Be3 Rd7 23. Kc2 b6 24. Rd2 Rf8 25. Rfd1 Bg4 26. Rf1 Rxf1 27. Bxf1 Rf7 28. Rf2 Rxf2+ 29. Bxf2 Bh6 30. h3 Be6 31. Bg2 Nf7 32. Nd1 Nd8 33. Ne3 Bxe3 34. Bxe3 c5 35. Bh6 Nc6 36. Bf1 a6 37. Bg7 b5 38. Bf8 Nd4+ 39. Kc3 Kb6 40. Bd6 Nc6 41. g4 b4+ 42. Kb2 a5 43. Be2 a4 44. bxa4 c4 45. Bd1 Ka5 46. Bc7+ Ka6 47. Bd6 Kb6 48. a3 c3+ 49. Kc2 Nd4+ 50. Kd3 c2 51. Bxc2 Nxc2 52. Kxc2 bxa3 53. Bxa3 Ka5 54. Bd6 Kxa4 55. Kd3 h5 56. gxh5 gxh5 57. h4 Kb5 58. Bxe5 Kc6 59. Kd4 Kd7 60. Bg7 Bg4 61. Ke5 Ke7 62. Bf6+ Kf7 63. Bg5 Bc8 1/2-1/2

[Event "Wch Rapid (Women)"]
[Site "Riadh"]
[Date "2017.12.27"]
[Round "8"]
[White "Galojan, Lilit"]
[Black "Ordaz Valdes, Lisandra Teresa"]
[Result "1-0"]
[WhiteElo "2300"]
[BlackElo "2414"]
[PlyCount "139"]
[EventDate "2017.12.26"]
[EventType "swiss (rapid)"]
[EventRounds "15"]
[EventCountry "SAU"]
[SourceTitle "CBM 182 Extra"]
[Source "ChessBase"]
[SourceDate "2018.02.23"]
[SourceVersion "1"]
[SourceVersionDate "2018.02.23"]
[SourceQuality "1"]

1. c4 e6 2. Nc3 d5 3. d4 Be7 4. Nf3 Nf6 5. Bg5 h6 6. Bh4 0-0 7. e3 b6 8. Rc1 Bb7 9. Bxf6 Bxf6 10. cxd5 exd5 11. b4 c6 12. Bd3 Qd6 13. Qb3 Nd7 14. 0-0 Be7 15. Rb1 a5 16. bxa5 Rxa5 17. a4 Ba6 18. Bxa6 Rxa6 19. e4 dxe4 20. Nxe4 Qg6 21. Rfe1 Rfa8 22. Nc3 Bf6 23. Qc4 c5 24. Ne5 Bxe5 25. dxe5 Qe6 26. Qxe6 fxe6 27. Rbd1 Nf8 28. Rd6 Kf7 29. f4 Ke7 30. Red1 R8a7 31. Rb1 Rb7 32. Kf2 Nd7 33. Ke3 Nf6 34. Rc6 Ne8 35. Rxc5 Rc7 36. Rxc7+ Nxc7 37. Rb4 Kd7 38. Rd4+ Ke7 39. Kd3 Ra5 40. Rb4 Rc5 41. Rc4 Rxc4 42. Kxc4 Kd7 43. g3 Kc6 44. Nb5 Nd5 45. Nd4+ Kd7 46. Kd3 g6 47. Nc2 h5 48. Ne3 Ne7 49. Kc4 Kc6 50. Nc2 h4 51. gxh4 Kd7 52. Ne3 Kc6 53. Nc2 Kd7 54. Ne3 Kc6 55. h3 Kb7 56. Kb5 Nc6 57. Kc4 Ne7 58. Kd3 Kc6 59. Ke4 Kc5 60. h5 gxh5 61. f5 exf5+ 62. Nxf5 Nd5 63. e6 Nf6+ 64. Ke5 Ne8 65. e7 Kc6 66. Ke6 Kc7 67. h4 Kc6 68. Kf7 Kd7 69. Ng3 Nd6+ 70. Kf8 1-0

[Event "Wch Rapid (Women)"]
[Site "Riadh"]
[Date "2017.12.27"]
[Round "6"]
[White "Galojan, Lilit"]
[Black "Ovod, Evgenija"]
[Result "1/2-1/2"]
[WhiteElo "2300"]
[BlackElo "2364"]
[PlyCount "63"]
[EventDate "2017.12.26"]
[EventType "swiss (rapid)"]
[EventRounds "15"]
[EventCountry "SAU"]
[SourceTitle "CBM 182 Extra"]
[Source "ChessBase"]
[SourceDate "2018.02.23"]
[SourceVersion "1"]
[SourceVersionDate "2018.02.23"]
[SourceQuality "1"]

1. c4 c5 2. Nf3 Nf6 3. Nc3 e6 4. g3 b6 5. Bg2 Bb7 6. 0-0 d6 7. d3 Be7 8. e4 0-0 9. Ne1 Nc6 10. f4 Qd7 11. Nc2 Rac8 12. h3 Rfd8 13. g4 Ne8 14. g5 Bf8 15. f5 Ne5 16. Ne3 Qe7 17. Ng4 exf5 18. exf5 Bxg2 19. Kxg2 Nxg4 20. Qxg4 Nc7 21. Bf4 Re8 22. f6 Qe6 23. Bg3 Qxg4 24. hxg4 Re3 25. Rf3 Rce8 26. Ne4 R8xe4 27. dxe4 Rxe4 28. Rf4 Re2+ 29. Rf2 Re4 30. Rf4 Re2+ 31. Rf2 Re4 32. Rf4 1/2-1/2

[Event "Wch Rapid (Women)"]
[Site "Riadh"]
[Date "2017.12.27"]
[Round "9"]
[White "Shuvalova, Polina"]
[Black "Galojan, Lilit"]
[Result "1-0"]
[WhiteElo "2385"]
[BlackElo "2300"]
[PlyCount "135"]
[EventDate "2017.12.26"]
[EventType "swiss (rapid)"]
[EventRounds "15"]
[EventCountry "SAU"]
[SourceTitle "CBM 182 Extra"]
[Source "ChessBase"]
[SourceDate "2018.02.23"]
[SourceVersion "1"]
[SourceVersionDate "2018.02.23"]
[SourceQuality "1"]

1. d4 Nf6 2. c4 g6 3. Nc3 Bg7 4. e4 d6 5. Nge2 0-0 6. Ng3 e5 7. d5 a5 8. Be2 Na6 9. h4 h6 10. h5 g5 11. Be3 Nc5 12. Qc2 Bd7 13. 0-0-0 Ne8 14. f3 Bf6 15. Kb1 Ng7 16. Nf1 b6 17. g3 a4 18. g4 Qe7 19. Ng3 Rfb8 20. Kc1 Qd8 21. Kd2 Na6 22. Ke1 Nb4 23. Qd2 Be7 24. Kf2 Ra5 25. Nb5 Na6 26. b4 axb3 27. axb3 Ra8 28. Rb1 Nc5 29. Nc3 Nb7 30. Rhc1 Ra3 31. b4 R3a7 32. Qb2 Ra3 33. Ra1 Rxa1 34. Rxa1 Qb8 35. Ra2 Bc8 36. Qa1 Rxa2 37. Qxa2 Nd8 38. Qa4 Kf8 39. Nf1 Qb7 40. Nb5 Ne8 41. Nd2 Qa6 42. Qxa6 Bxa6 43. Na7 Nf6 44. c5 Bxe2 45. cxb6 Ba6 46. bxc7 Ne8 47. c8Q Bxc8 48. Nxc8 Nc7 49. Na7 Nb7 50. Nc4 Ke8 51. Ke2 Na6 52. Nc6 Bd8 53. Kd3 Kd7 54. Kc3 Bf6 55. Kb3 Nc7 56. Ka4 Bd8 57. b5 Bf6 58. b6 Na6 59. Kb5 Nac5 60. N4a5 Bd8 61. Bxc5 Nxc5 62. b7 Bc7 63. b8Q Bxb8 64. Nxb8+ Ke7 65. Nbc6+ Kf6 66. Nc4 Nd3 67. Nxd6 Ne1 68. Ne8# 1-0

[Event "EU-chT (Women) 21st"]
[Site "Heraklion"]
[Date "2017.11.05"]
[Round "8.3"]
[White "Rodshtein, Tereza"]
[Black "Galojan, Lilit"]
[Result "0-1"]
[WhiteElo "2233"]
[BlackElo "2291"]
[PlyCount "82"]
[EventDate "2017.10.28"]
[EventType "team-swiss"]
[EventRounds "9"]
[EventCountry "GRE"]
[SourceTitle "CBM 181 Extra"]
[Source "ChessBase"]
[SourceDate "2017.12.12"]
[SourceVersion "1"]
[SourceVersionDate "2017.12.12"]
[SourceQuality "1"]
[WhiteTeam "Czech Republic (W)"]
[BlackTeam "Armenia (W)"]
[WhiteTeamCountry "CZE"]
[BlackTeamCountry "ARM"]

1. e4 c5 2. Nf3 d6 3. d4 cxd4 4. Nxd4 Nf6 5. Nc3 a6 6. Be2 e5 7. Nb3 Be7 8. 0-0 Be6 9. h3 0-0 10. Bf3 Nbd7 11. Be3 Qc7 12. Qd2 Rac8 13. Rac1 Nb6 14. Bxb6 Qxb6 15. Nd5 Bxd5 16. exd5 Nd7 17. c4 f5 18. Qa5 Bd8 19. Qxb6 Bxb6 20. Be2 a5 21. a4 g6 22. Kh2 h5 23. Rcd1 Rce8 24. h4 Kg7 25. f3 Kf6 26. g3 Rg8 27. Bd3 g5 28. g4 hxg4 29. fxg4 f4 30. Bf5 Nc5 31. Nxc5 Bxc5 32. h5 e4 33. Rde1 Be3 34. Be6 Ke5 35. Bxg8 Rxg8 36. Rd1 Bd4 37. b3 Rf8 38. Kg2 Bc3 39. h6 f3+ 40. Kf2 Kf4 41. Kg1 Bb4 0-1

[Event "EU-ch (Women) 18th"]
[Site "Riga"]
[Date "2017.04.19"]
[Round "8"]
[White "Galojan, Lilit"]
[Black "De Seroux, Camille"]
[Result "1-0"]
[WhiteElo "2290"]
[BlackElo "2122"]
[PlyCount "109"]
[EventDate "2017.04.11"]
[EventType "swiss"]
[EventRounds "11"]
[EventCountry "LAT"]
[SourceTitle "CBM 177 Extra"]
[Source "ChessBase"]
[SourceDate "2017.04.27"]
[SourceVersion "1"]
[SourceVersionDate "2017.04.27"]
[SourceQuality "1"]

1. d4 Nf6 2. c4 e6 3. Nf3 Bb4+ 4. Bd2 Qe7 5. g3 Nc6 6. Nc3 0-0 7. Bg2 Na5 8. b3 b6 9. Ne5 Bb7 10. Bxb7 Nxb7 11. 0-0 c5 12. dxc5 Nxc5 13. Nd3 Nxd3 14. exd3 d5 15. Nb5 Rfd8 16. Bxb4 Qxb4 17. Qc2 Rac8 18. Rac1 dxc4 19. dxc4 a6 20. Nc3 b5 21. Ne4 Nxe4 22. Qxe4 bxc4 23. Rxc4 Rxc4 24. bxc4 g6 25. Qc6 Qd6 26. Qa4 Qb6 27. Rd1 Rxd1+ 28. Qxd1 Qb2 29. c5 Qc3 30. Qa4 Qc1+ 31. Kg2 Qxc5 32. Qxa6 Qd5+ 33. Kg1 h5 34. h4 g5 35. hxg5 Qxg5 36. Qc4 Qf5 37. a4 Qb1+ 38. Qf1 Qa2 39. Qb5 Qa1+ 40. Kg2 Qd4 41. a5 Qe4+ 42. Kg1 Qe1+ 43. Kg2 Qe4+ 44. Kh2 Qf3 45. Kg1 Kh7 46. a6 h4 47. Qa4 h3 48. Qh4+ Kg6 49. Qxh3 Qa3 50. Qg4+ Kh6 51. Qf4+ Kg7 52. Qe5+ Kh7 53. Qe4+ Kg7 54. Qb7 Qc1+ 55. Kg2 1-0

[Event "EU-ch (Women) 18th"]
[Site "Riga"]
[Date "2017.04.17"]
[Round "7"]
[White "Tsolakidou, Stavroula"]
[Black "Galojan, Lilit"]
[Result "1-0"]
[WhiteElo "2395"]
[BlackElo "2290"]
[PlyCount "141"]
[EventDate "2017.04.11"]
[EventType "swiss"]
[EventRounds "11"]
[EventCountry "LAT"]
[SourceTitle "CBM 177 Extra"]
[Source "ChessBase"]
[SourceDate "2017.04.27"]
[SourceVersion "1"]
[SourceVersionDate "2017.04.27"]
[SourceQuality "1"]

1. d4 Nf6 2. c4 e6 3. g3 d5 4. Bg2 dxc4 5. Nf3 Nc6 6. Qa4 Bb4+ 7. Bd2 Nd5 8. Qb5 Bxd2+ 9. Nbxd2 c3 10. bxc3 Nxc3 11. Qd3 Nd5 12. 0-0 0-0 13. Rac1 Qe7 14. Rfd1 Rd8 15. e4 Nb6 16. Nb3 Rb8 17. Qb1 Bd7 18. Nfd2 Be8 19. Nf1 f6 20. Ne3 Bg6 21. Qb2 Kh8 22. d5 exd5 23. exd5 Ne5 24. Qc3 c6 25. f4 Nd3 26. Rxd3 Bxd3 27. Qxd3 Nxd5 28. Nxd5 cxd5 29. Nd4 Rbc8 30. Rd1 Qc5 31. Bh3 Rc7 32. Kh1 Qc4 33. Qd2 Qa4 34. Bf5 Re8 35. Kg2 g6 36. Bg4 Qc4 37. Bf3 Qc3 38. Qf2 Qe3 39. Qb2 Qc3 40. Qb1 Rce7 41. Qb5 Rc8 42. f5 Rc5 43. Qb1 Rc4 44. Qd3 Qxd3 45. Rxd3 Re5 46. g4 h5 47. h3 hxg4 48. hxg4 gxf5 49. Nxf5 Rc5 50. Kg3 b6 51. Ne3 Ra5 52. a3 d4 53. Nf5 Kg8 54. Nxd4 Rac5 55. Nf5 Kf8 56. Rd8+ Re8 57. Rd7 Ra5 58. Bd5 Rxa3+ 59. Kh4 Re5 60. Rd8+ Re8 61. Rd6 Re5 62. Rxf6+ Ke8 63. Bc6+ Kd8 64. Rf7 Rd3 65. Rxa7 b5 66. Rb7 Re6 67. Bxb5 Rd1 68. Kg5 Re4 69. Bc6 Rc4 70. Bf3 Rc3 71. Bxd1 1-0

[Event "EU-ch (Women) 18th"]
[Site "Riga"]
[Date "2017.04.11"]
[Round "1"]
[White "Golsta, Ramona"]
[Black "Galojan, Lilit"]
[Result "0-1"]
[WhiteElo "1560"]
[BlackElo "2290"]
[PlyCount "74"]
[EventDate "2017.04.11"]
[EventType "swiss"]
[EventRounds "11"]
[EventCountry "LAT"]
[SourceTitle "CBM 177 Extra"]
[Source "ChessBase"]
[SourceDate "2017.04.27"]
[SourceVersion "1"]
[SourceVersionDate "2017.04.27"]
[SourceQuality "1"]

1. d4 Nf6 2. Nf3 g6 3. Bg5 Bg7 4. e3 0-0 5. Bd3 d6 6. 0-0 Nbd7 7. Nbd2 e5 8. dxe5 dxe5 9. Bc4 h6 10. Bh4 Qe8 11. c3 a5 12. a4 Kh7 13. Qc2 Nb6 14. Bb3 Nfd7 15. e4 Nc5 16. h3 Bd7 17. Ra3 Nxb3 18. Qxb3 Be6 19. Qc2 Qc6 20. Rc1 Nd7 21. Raa1 f5 22. b4 g5 23. b5 Qb6 24. Bg3 f4 25. Bh2 Nc5 26. Rab1 Rad8 27. Kh1 Nd3 28. Rf1 Nxf2+ 29. Rxf2 Qxf2 30. Bg1 Qe2 31. b6 c6 32. Bc5 Rf7 33. Re1 Qd3 34. Qxd3 Rxd3 35. Rc1 Rfd7 36. Kg1 Rxd2 37. Nxd2 Rxd2 0-1

[Event "TUR-chT"]
[Site "Izmir"]
[Date "2016.07.28"]
[Round "4.5"]
[White "Yildiz Kadioglu, Betul Cemre"]
[Black "Galojan, Lilit"]
[Result "1/2-1/2"]
[WhiteElo "2343"]
[BlackElo "2288"]
[PlyCount "66"]
[EventDate "2016.07.25"]
[EventType "team-swiss"]
[EventRounds "13"]
[EventCountry "TUR"]
[SourceTitle "CBM 173 Extra"]
[Source "ChessBase"]
[SourceDate "2016.08.29"]
[SourceVersion "1"]
[SourceVersionDate "2016.08.29"]
[SourceQuality "1"]
[WhiteTeam "Turk Hava Yollari"]
[BlackTeam "Bogazici Universitesi"]
[WhiteTeamCountry "TUR"]
[BlackTeamCountry "TUR"]

1. e4 c5 2. Nf3 e6 3. d4 cxd4 4. Nxd4 a6 5. Bd3 Nf6 6. 0-0 d6 7. c4 g6 8. Nc3 Bg7 9. Be3 0-0 10. f3 Nc6 11. Be2 Bd7 12. Nb3 Qe7 13. Qd2 Rfd8 14. Bb6 Rdc8 15. Rfd1 Bf8 16. c5 d5 17. exd5 exd5 18. Nxd5 Nxd5 19. Qxd5 Qxe2 20. Qxd7 Rd8 21. Bxd8 Rxd8 22. Qxd8 Nxd8 23. Rxd8 Qxb2 24. Rb8 a5 25. Ra8 h5 26. Rxa5 h4 27. Ra8 Kg7 28. Re1 Qc2 29. h3 Bxc5+ 30. Nxc5 Qxc5+ 31. Kh1 Qf2 32. Re7 Kf6 33. Rxb7 Qe1+ 1/2-1/2

[Event "EU-ch (Women) 17th"]
[Site "Mamaia"]
[Date "2016.06.03"]
[Round "7"]
[White "Galojan, Lilit"]
[Black "Sandu, Mihaela"]
[Result "1-0"]
[WhiteElo "2296"]
[BlackElo "2246"]
[PlyCount "105"]
[EventDate "2016.05.27"]
[EventType "swiss"]
[EventRounds "11"]
[EventCountry "ROU"]
[SourceTitle "CBM 172 Extra"]
[Source "ChessBase"]
[SourceDate "2016.06.21"]
[SourceVersion "1"]
[SourceVersionDate "2016.06.21"]
[SourceQuality "1"]

1. d4 Nf6 2. c4 g6 3. Nc3 Bg7 4. e4 d6 5. f3 0-0 6. Be3 e5 7. d5 Nh5 8. Qd2 f5 9. 0-0-0 Nd7 10. Bd3 a6 11. Kb1 Nc5 12. Bc2 b5 13. Nge2 Nf6 14. h3 fxe4 15. Nxe4 Ncxe4 16. fxe4 bxc4 17. g4 a5 18. Rhf1 Ba6 19. Nc3 Rb8 20. Rf2 Nd7 21. g5 Rxf2 22. Qxf2 Nb6 23. Rf1 Qe7 24. Bd1 Bc8 25. h4 Bd7 26. Qh2 c5 27. Rh1 Bf8 28. h5 Qg7 29. Qh4 Rb7 30. hxg6 hxg6 31. Bg4 Bxg4 32. Qxg4 Qf7 33. Qh3 Qg7 34. Qe6+ Qf7 35. Qh3 Qg7 36. Bd2 a4 37. a3 Qh7 38. Qe6+ Qf7 39. Qh3 Qh7 40. Qe6+ Qf7 41. Rf1 Qxe6 42. dxe6 Rh7 43. Rf6 Nc8 44. Rxg6+ Bg7 45. Nd5 Kf8 46. Kc2 Ne7 47. Nxe7 Kxe7 48. Kc3 Bh8 49. Kxc4 Rh4 50. Kd5 Rh3 51. Bc3 Rd3+ 52. Kc6 Rh3 53. Ba5 1-0

[Event "EU-ch (Women) 17th"]
[Site "Mamaia"]
[Date "2016.05.29"]
[Round "3"]
[White "Galojan, Lilit"]
[Black "Utiatskaja, Irina"]
[Result "1-0"]
[WhiteElo "2296"]
[BlackElo "2181"]
[PlyCount "81"]
[EventDate "2016.05.27"]
[EventType "swiss"]
[EventRounds "11"]
[EventCountry "ROU"]
[SourceTitle "CBM 172 Extra"]
[Source "ChessBase"]
[SourceDate "2016.06.21"]
[SourceVersion "1"]
[SourceVersionDate "2016.06.21"]
[SourceQuality "1"]

1. d4 Nf6 2. c4 g6 3. g3 Bg7 4. Bg2 0-0 5. Nf3 d6 6. 0-0 Nc6 7. Nc3 Bf5 8. h3 Ne4 9. Bd2 Re8 10. e3 Rb8 11. Rc1 a6 12. b3 h6 13. Kh2 e5 14. d5 Ne7 15. Ne1 Nxd2 16. Qxd2 Bd7 17. Nd3 f5 18. e4 Kh7 19. f4 exf4 20. Nxf4 Ng8 21. Rce1 Qf6 22. Rf3 Qd4 23. Rd3 Qb6 24. Ne6 Bxe6 25. dxe6 f4 26. gxf4 Rxe6 27. Nd5 Qc5 28. b4 Qc6 29. e5 Qd7 30. c5 Qf7 31. Nc3 Qf8 32. Bd5 Re7 33. cxd6 cxd6 34. Bxg8+ Kxg8 35. Rxd6 Rf7 36. Nd5 g5 37. e6 Rf5 38. e7 Qf7 39. Rd8+ Kh7 40. Rxb8 Rxd5 41. Qc2+ 1-0